| Tag |
First Indicator |
Second Indicator |
Subfields |
| LEADER |
00000ctm a2200000Ia 4500 |
| 001 |
in00002066310 |
| 005 |
20151102051200.0 |
| 007 |
he bmb024baca |
| 007 |
cr bn- |
| 008 |
050128s2003 xx bbm 000 0 eng d |
| 035 |
|
|
|a (OCoLC)ocm57520298
|
| 037 |
|
|
|a HE 782
|b Kinesiology Publications
|
| 040 |
|
|
|a ORU
|c MUU
|d MUU
|d HPE
|d IXA
|d UtOrBLW
|
| 049 |
|
|
|a TXAM
|
| 090 |
|
|
|a QP176
|b .V44 2003a
|
| 092 |
|
|
|a 612.39
|
| 100 |
1 |
|
|a Veerman, Dana Ellen.
|
| 245 |
1 |
0 |
|a Energy expenditure of youth at rest and during walking /
|c by Dana Ellen Veerman.
|
| 264 |
|
1 |
|a [Place of publication not identified] :
|b [publisher not identified] ;
|c 2003.
|
| 300 |
|
|
|a vi, 40 pages, 3 unnumbered leaves.
|
| 336 |
|
|
|a text
|b txt
|2 rdacontent
|
| 337 |
|
|
|a microform
|b h
|2 rdamedia
|
| 338 |
|
|
|a microfiche
|b he
|2 rdacarrier
|
| 502 |
|
|
|b M.A.
|c University of North Carolina at Chapel Hill
|d 2003.
|
| 504 |
|
|
|a Includes bibliographical references (leaves 37-40).
|
| 530 |
|
|
|a Also available online (PDF file) by a subscription to the set or by purchasing the individual file.
|
| 533 |
|
|
|a Microfiche.
|b Eugene :
|c Kinesiology Publications, University of Oregon,
|d 2004.
|e 1 microfiche : negative.
|n "UO 04 99."
|
| 500 |
|
|
|a Microform.
|
| 650 |
|
0 |
|a Energy metabolism in children.
|
| 650 |
|
0 |
|a Obesity in children.
|
| 650 |
|
0 |
|a Walking.
|
| 994 |
|
|
|a 92
|b TXA
|
| 948 |
|
|
|a cataloged
|b h
|c 2005/8/9
|d c
|e blrosas
|f 3:54:39 pm
|
| 999 |
|
|
|a MARS
|
| 999 |
f |
f |
|s 731464a0-a7ab-3495-b961-705b01cccb7b
|i 2331bc93-d0c5-3946-82a6-eed747bee413
|t 0
|
| 952 |
f |
f |
|p normal
|a Texas A&M University
|b College Station
|c Sterling C. Evans Library
|d Evans: Microforms Fiche (3rd floor)
|t 0
|e QP176 .V44 2003a
|h Library of Congress classification
|i microform -- microfiche
|m A14832908582
|
| 998 |
f |
f |
|a QP176 .V44 2003a
|t 0
|l Evans: Microforms Fiche (3rd floor)
|